000 00240nam a2200097Ia 4500
001 686742
005 20250826161542.0
008 250824s9999 xx 000 0 und d
245 0 _aEĞİL DAĞLAR
_cYAHYA KEMAL
260 _bYAPI KREDİ YAYINLARI
999 _c686742
_d686742